Desarrollo e implementación de un sistema web para la administración de ventas en la empresa Droguería Núñez Y CIA LTDA SIROPE

El presente trabajo monográfico consiste en realizar el estudio de factibilidad, análisis de diseño basado en la metodología externa del sistema Web SIPORVE para la empresa Droguería Núñez y Cía Ltda.

Bibliographic Details
Main Authors: Pollarolo Aranda, Ana Francesca, Rojas Bohórquez, Wilmer René
Other Authors: Tutor: Silva Molina, Enrique
Format: Tesis Section = Libro
Language:Undetermined
Spanish
Published: Managua, Nicaragua UNI 2018
Subjects:
LEADER 01128nam a2200277Ia 4500
008 240830s9999 xx 000 0 und d
040 |a BIBLIOTECA-RUSB/ Mon 005.1 P772 
041 |a spa 
082 |a Mon 005.1 P772 
100 1 |a Pollarolo Aranda, Ana Francesca 
100 1 |b Rojas Bohórquez, Wilmer René 
245 1 0 |a Desarrollo e implementación de un sistema web para la administración de ventas en la empresa Droguería Núñez Y CIA LTDA SIROPE 
260 |a Managua, Nicaragua  |b UNI  |c 2018 
300 |a 68 p. :il. 
500 |a Contiene: CD. 
502 |a Tesis (Ingeniero en Computación) - UNI, 2018. 
520 3 |a El presente trabajo monográfico consiste en realizar el estudio de factibilidad, análisis de diseño basado en la metodología externa del sistema Web SIPORVE para la empresa Droguería Núñez y Cía Ltda. 
650 7 |a SISTEMA WEB 
650 7 |b  VENTAS – DISEÑO 
650 7 |c  ADMINISTRACION DE VENTAS 
650 7 |d  LENGUAJE DE MODELAMIENTO 
650 7 |e  MERCADEO- DROGUERIA 
700 1 |a Tutor:  |b Silva Molina, Enrique 
942 |c BK  |2 ddc 
991 |a TESIS 
999 |c 19694